000
00303nam a2200109Ia 4500
008
221030s9999 xx 000 0 und d
245
4
_a
The Service Quality & Customer Satisfaction of HDFC Bank in Jammu & Kashmir
260
_b
HDFC
_a
Srinagar
_c
2018
300
_a
100
650
_a
Management
942
_c
TH
999
_c
18016
_d
18016